000
00322nam a22001337a 4500
008
190304b xxu||||| |||| 00| 0 eng d
020
_a
9781451192940
041
_a
eng
080
_2
10th
_a
616.8-006
100
_a
6
101
_a
KAN
245
_a
Cances Principles & Practice of Oncology
_c
DeVita,V.T
942
_2
udc
_c
BK
999
_c
54388
_d
54388